Normal view
MARC view
Entry Personal Name
001 - CONTROL NUMBER
- control field: 69291
003 - CONTROL NUMBER IDENTIFIER
- control field: OSt
005 - DATE AND TIME OF LATEST TRANSACTION
- control field: 20170929154039.0
008 - FIXED-LENGTH DATA ELEMENTS
- fixed length control field: 170929|| aca||aabn | a|a d
040 ## - CATALOGING SOURCE
- Original cataloging agency: OSt
- Transcribing agency: OSt
100 ## - HEADING--PERSONAL NAME
- Personal name: कुमार,डॉ प्रदीप
670 ## - SOURCE DATA FOUND
- Source citation: Work cat.: (OSt): कुमार,डॉ प्रदीप , व्दिजदेव के काव्य में प्रकृति का रचनात्मक उपयोग , 2017









